| 000 | 00471nam a2200121Ia 4500 | ||
|---|---|---|---|
| 008 | 220216s9999 xx 000 0 und d | ||
| 100 | _aHaridasan V. | ||
| 245 | 0 | _aFinancial assistance to industries | |
| 260 |
_bIn: Lecture Notes for the Refresher Course for small scale latex goods manufacturers. Rubber Research Institute of India, Kottayam, India, pp. 173-177. _c1981 |
||
| 650 | _aFinancial assistance | ||
| 650 | _aSmallscale rubber manufacturing unit | ||
| 942 | _cBS | ||
| 999 |
_c49811 _d49811 |
||